Nuevo índice (Record no. 193155)
[ view plain ]
| 000 -LEADER | |
|---|---|
| campo de control de longitud fija | 01277nas a2200421 i 4500 |
| 001 - NÚMERO DE CONTROL | |
| campo de control | 193155 |
| 003 - IDENTIFICADOR DE NÚMERO DE CONTROL | |
| campo de control | SpMaBN |
| 005 - FECHA Y HORA DE LA ÚLTIMA TRANSACCIÓN | |
| campo de control | 20250217134939.0 |
| 007 - CAMPO FIJO DE DESCRIPCIÓN FÍSICA--INFORMACIÓN GENERAL | |
| campo de control de longitud fija | ta |
| 008 - DATOS DE LONGITUD FIJA--INFORMACIÓN GENERAL | |
| campo de control de longitud fija | 900131d19811983sp mr p 0uuub0spa |
| 010 ## - NÚMERO DE CONTROL DE LA BIBLIOTECA DEL CONGRESO | |
| Número de control de LC | c |
| Número de control de NUCMC | 2 |
| 016 7# - NÚMERO DE CONTROL DE UNA AGENCIA BIBLIOGRÁFICA NACIONAL | |
| Número de control del registro | biseBNE19940245517 |
| Fuente | SpMaBN |
| Número de control cancelado/no válido | BNR02396 |
| 017 ## - NÚMERO DE COPYRIGHT O DE DEPÓSITO LEGAL | |
| Número de copyright o de depósito legal | M 35338-1981 |
| Agencia que asigna | Oficina Depósito Legal Madrid |
| 022 0# - NÚMERO INTERNACIONAL NORMALIZADO PARA PUBLICACIONES SERIADAS | |
| Número Internacional Normalizado para Publicaciones Seriadas | 0212-5331 |
| 035 ## - NÚMERO DE CONTROL DEL SISTEMA | |
| Número de control de sistema | (OCoLC)436537777 |
| 035 ## - NÚMERO DE CONTROL DEL SISTEMA | |
| Número de control de sistema | bise0000022890 |
| 037 ## - FUENTE DE ADQUISICIÓN | |
| Fuente del número de adquisición | Montesquinza, 24, 28024 |
| Condiciones de disponibilidad | 200 pta fasc. |
| 040 ## - FUENTE DE CATALOGACIÓN | |
| Centro catalogador/agencia de origen | SpMaBN |
| Lengua de catalogación | spa |
| Centro/agencia transcriptor | SIC |
| Normas de descripción | rdc |
| Centro/agencia modificador | ES-MaACL |
| 080 ## - NÚMERO DE LA CLASIFICACIÓN DECIMAL UNIVERSAL | |
| Número de la Clasificación Decimal Universal | (051) |
| 210 0# - TÍTULO ABREVIADO | |
| Título abreviado | Nuevo índice |
| 222 #0 - TÍTULO CLAVE | |
| Título clave | Nuevo índice |
| 245 00 - MENCIÓN DEL TÍTULO | |
| Título | Nuevo índice |
| 260 ## - PUBLICACIÓN, DISTRIBUCIÓN, ETC. | |
| Lugar de publicación, distribución, etc. | Madrid : |
| Nombre del editor, distribuidor, etc. | Nuevo Índice, |
| Fecha de publicación, distribución, etc. | 1981- |
| 300 ## - DESCRIPCIÓN FÍSICA | |
| Extensión | v. ; |
| Dimensiones | 30 cm |
| 310 ## - PERIODICIDAD ACTUAL | |
| Periodicidad actual | Mensual |
| 336 ## - TIPO DE CONTENIDO | |
| Fuente | isbdcontent |
| Término de tipo de contenido | Texto (visual) |
| 337 ## - TIPO DE MEDIO | |
| Fuente | isbdmedia |
| Nombre/término del tipo de medio | sin mediación |
| 362 0# - FECHAS DE PUBLICACIÓN Y/O DESIGNACIÓN SECUENCIAL | |
| Fecha de publicación y/o designación secuencial | N. 0 (sept. 1981)- |
| 362 1# - FECHAS DE PUBLICACIÓN Y/O DESIGNACIÓN SECUENCIAL | |
| Fecha de publicación y/o designación secuencial | Cesó en 1983 |
| 500 ## - NOTA GENERAL | |
| Nota general | Tít. tomado de la cub. |
| 780 00 - ENLACE A UN TÍTULO/ENTRADA ANTERIOR | |
| Número de control del registro | bise0000084480 |
| Título | Índice (Madrid. 1964) |
| Número Internacional Normalizado para Publicaciones Seriadas | 0019-6975 |
| 852 ## - LOCALIZACIÓN | |
| Ubicación | ES-MaACL |
| itemnumber | 200506 |
| Número de control de estantería | HEM-H-198 |
| Ubicación en estantería | Hemeroteca |
| Nota libre | Revista: Viva |
| 856 4# - LOCALIZACIÓN Y ACCESO ELECTRÓNICOS | |
| Texto de enlace | |
| 866 ## - MENCIÓN TEXTUAL DE FONDOS--UNIDAD BIBLIOGRÁFICA BÁSICA | |
| Fondos | 1981-1982 |
| Nota pública | Ultimo numero recibido Nº 8 (1982) |
| 942 ## - ELEMENTOS DE ENTRADA SECUNDARIOS (KOHA) | |
| Fuente del sistema de clasificación o colocación | Clasificación decimal universal |
| Suprimir en OPAC | No |
| Tipo de ítem Koha | Revista |
| 955 ## - CATALOGADOR - EDICIÓN | |
| Nombre de catalogador | Orex Digital |
| Estatus retirado | Estado de pérdida | Fuente del sistema de clasificación o colocación | Estado de daño | No para préstamo | Colección | Biblioteca de origen | Biblioteca actual | Ubicación en estantería | Fecha de adquisición | Fuente de adquisición | Total de préstamos | Signatura topográfica completa | Código de barras | Visto por última vez | Precio de reemplazo | Tipo de ítem Koha |
|---|---|---|---|---|---|---|---|---|---|---|---|---|---|---|---|---|
| Clasificación decimal universal | Periódicos y Revistas | Biblioteca del Ateneo de Madrid | Biblioteca del Ateneo de Madrid | Hemeroteca | 12/09/2023 | Donación | HEM-H-198 | 101205803 | 12/09/2023 | 12/09/2023 | Revista |
